Top 20 Countries With The Most Wildlife - Statistics

General Stats
  • This quiz has been taken 189 times
  • The average score is 16 of 20
Answer Stats
Total Species Answer % Correct
43,205 Brazil
98%
26,653 Australia
97%
37,774 China
97%
20,717 United States
97%
20,329 India
96%
28,989 Mexico
91%
14,539 Russia
91%
27,505 Indonesia
90%
29,770 Colombia
86%
24,777 Peru
85%
24,975 South Africa
84%
19,633 Venezuela
83%
17,807 Malaysia
77%
22,673 Ecuador
73%
17,505 Bolivia
72%
13,854 Tanzania
70%
14,693 Philippines
67%
15,528 Papua New Guinea
60%
14,274 Madagascar
58%
18,835 Myanmar
50%
No matching quizzes found
Score Distribution
Percent of People with Each Score
Percentile by Number Answered
Your Score History
You have not taken this quiz